E-governance reforms in road transport sector and economic growth in Bihar; For Full Text http://172.16.0.15:8080/xmlui/handle/1/4967 (Record no. 521321)

000 -LEADER
fixed length control field 01629nam a22001697a 4500
008 - FIXED-LENGTH DATA ELEMENTS--GENERAL INFORMATION
fixed length control field 230104b ||||| |||| 00| 0 eng d
100 ## - MAIN ENTRY--PERSONAL NAME
Personal name Kumar, Agrawal Sanjay
245 ## - TITLE STATEMENT
Title E-governance reforms in road transport sector and economic growth in Bihar; For Full Text http://172.16.0.15:8080/xmlui/handle/1/4967
260 ## - PUBLICATION, DISTRIBUTION, ETC. (IMPRINT)
Place of publication, distribution, etc Bihar Journal of Public Administration
300 ## - PHYSICAL DESCRIPTION
Extent 19(1), Jan-Jun, 2022: p.1-15
520 ## - SUMMARY, ETC.
Summary, etc Bihar has recorded the highest growth during the last three years among major states of India. When majority of states registered negative growth in the pandemic year (2020-21), Bihar registered positive and highest growth. This growth is even highest among major Indian states during the pandemic year (2020-21), however, majority of states registered negative growth during the pandemic year. The paper quantifies the growth drivers of the economy and found that the road transport sector has been growing over 10 percent during the last decade. The growth recorded under road transport is the highest among other major Indian states. This background posesthe question in mind that what is the reason behind this growth process and which sectors playing major role in the engine of growth? The paper further attempts to diagnose the origin of growth in transport sector and corresponding reforms undertaken in this sector. – Reproduced
650 ## - SUBJECT ADDED ENTRY--TOPICAL TERM
Topical term or geographic name as entry element e-Governance, Policy reforms, Road transport, Economic growth, Bihar.
9 (RLIN) 35016
773 ## - HOST ITEM ENTRY
Main entry heading Bihar Journal of Public Administration
856 ## - ELECTRONIC LOCATION AND ACCESS
Uniform Resource Identifier http://172.16.0.15:8080/xmlui/handle/1/7804
906 ## - LOCAL DATA ELEMENT F, LDF (RLIN)
Subject DIP E-GOVERNMENT
942 ## - ADDED ENTRY ELEMENTS (KOHA)
Item type Articles
Source of classification or shelving scheme
Holdings
Withdrawn status Lost status Source of classification or shelving scheme Damaged status Not for loan Permanent location Current location Date acquired Serial Enumeration / chronology Barcode Date last seen Koha item type
          Indian Institute of Public Administration Indian Institute of Public Administration 2023-01-04 19(1), Jan-Jun, 2022: p.1-15 AR127848 2023-01-04 Articles

Powered by Koha